| 000 | 00538nam a2200181Ia 4500 | ||
|---|---|---|---|
| 008 | 140429s9999 xx 000 0 und d | ||
| 020 | _a9780415610001 | ||
| 050 |
_aP 302 _b.J66 2012 |
||
| 100 | _aJones, Rodney H. | ||
| 245 |
_aDiscourse analysis : _ba resource book for students / _cRodney H. Jones. |
||
| 260 |
_aNew York : _bRoutledge, _cc2012. |
||
| 300 |
_a229 p. : _c26 cm. |
||
| 500 | _aIncludes bibliographical references and index. | ||
| 521 | _aGE | ||
| 650 | _aDiscourse analysis. | ||
| 942 |
_kFOR _cBK |
||
| 999 |
_c115667 _d115667 |
||